000
00322nam a22001457a 4500
008
210308b ||||| |||| 00| 0 eng d
020
_a
9780521445542
041
_a
eng
080
_a
311
082
_a
311
100
_a
55
101
_a
STA
245
_a
Statiscs Concepts and Applications
_c
Frank, H
942
_2
udc
_c
BK
999
_c
55912
_d
55912